| 000 | 00636pam a2200229 a 4500 | ||
|---|---|---|---|
| 001 | 3856757 | ||
| 005 | 20180126092837.0 | ||
| 008 | 880823s1989 maua b 001 0 eng | ||
| 010 | _a 88028500 | ||
| 020 | _a0205117295 | ||
| 040 |
_aDLC _cDLC _dDLC |
||
| 041 | _aeng | ||
| 043 | _an-us--- | ||
| 080 | _a370.157 TIE | ||
| 082 | 0 | 0 |
_a370.157 TIE _219 |
| 100 | _a47 | ||
| 101 | _aEDU | ||
| 245 | 0 | 0 |
_aTeaching thinking in K-12 classrooms : _cIris McClellan Tiedt ... [et al.]. |
| 504 | _aBibliography: p. 315-322. | ||
| 906 |
_a7 _bcbc _corignew _d1 _eocip _f19 _gy-gencatlg |
||
| 942 |
_2ddc _cBK |
||
| 999 |
_c41052 _d41052 |
||